Courthouses of Florida - Statistics

General Stats
  • This quiz has been taken 9 times
  • The average score is 33 of 67
Answer Stats
Picture Answer % Correct
Bradford
100%
Alachua
50%
Baker
50%
Bay
50%
Brevard
50%
Broward
50%
Calhoun
50%
Charlotte
50%
Citrus
50%
Clay
50%
Collier
50%
Columbia
50%
De Soto
50%
Dixie
50%
Duval
50%
Escambia
50%
Flagler
50%
Franklin
50%
Gadsden
50%
Gilchrist
50%
Glades
50%
Gulf
50%
Hamilton
50%
Hardee
50%
Hendry
50%
Hernando
50%
Highlands
50%
Hillsborough
50%
Holmes
50%
Indian River
50%
Jackson
50%
Jefferson
50%
Lafayette
50%
Lake
50%
Lee
50%
Leon
50%
Levy
50%
Liberty
50%
Madison
50%
Manatee
50%
Marion
50%
Martin
50%
Miami-Dade
50%
Monroe
50%
Nassau
50%
Okaloosa
50%
Okeechobee
50%
Orange
50%
Osceola
50%
Palm Beach
50%
Pasco
50%
Polk
50%
Putnam
50%
Santa Rosa
50%
Sarasota
50%
Seminole
50%
St. Johns
50%
St. Lucie
50%
Sumter
50%
Suwannee
50%
Taylor
50%
Volusia
50%
Wakulla
50%
Walton
50%
Washington
50%
Pinellas
0%
Union
0%
No matching quizzes found
Score Distribution
Percent of People with Each Score
Percentile by Number Answered
Your Score History
You have not taken this quiz